Countries that are 2 Borders away from Suriname - Statistics

General Stats
  • This quiz has been taken 155 times
  • The average score is 13 of 15
Answer Stats
Answer % Correct
Argentina
97%
Colombia
96%
Uruguay
96%
Paraguay
94%
Peru
93%
Bolivia
92%
Venezuela
91%
Spain
84%
Belgium
83%
Italy
83%
Andorra
82%
Germany
82%
Switzerland
81%
Luxembourg
78%
Monaco
76%
No matching quizzes found
Score Distribution
Percent of People with Each Score
Percentile by Number Answered
Your Score History
You have not taken this quiz